000 00288nam a22001337a 4500
008 170911b xxu||||| |||| 00| 0 eng d
020 _a9780471539544
041 _aeng
080 _a53
100 _a43
101 _aFIZ
245 _aUNIVERSITY FOR PHYSICS
_cKOPP, J
942 _2udc
_cBK
999 _c27163
_d27163